Efektívnosť monetárnej a fiškálnej politiky bakalárska práca

Uložené v:
Podrobná bibliografia
Hlavný autor: Záhumenská, Andrea
Korporativný autor: Fakulta hospodárskej informatiky EU. Katedra operačného výskumu a ekonometrie
Ďalší autori: Hollá, Anna
Médium: Kniha
Jazyk:Slovak
Vydavateľské údaje: Bratislava 2012
Tagy: Pridať tag
Žiadne tagy, Buďte prvý, kto otaguje tento záznam!

MARC

LEADER 00000nbm a2200000 4500
001 0156315
005 20161109111952.7
041 0 |a slo 
044 |a SK 
245 1 0 |a Efektívnosť monetárnej a fiškálnej politiky  |b bakalárska práca  |c Andrea Záhumenská ; školiteľ: Anna Hollá 
264 1 |a Bratislava  |c 2012 
300 |a 45 s. 
100 1 |a Záhumenská, Andrea 
700 1 |a Hollá, Anna 
710 2 |a Fakulta hospodárskej informatiky EU. Katedra operačného výskumu a ekonometrie